000 00290nam a2200109Ia 4500
008 231129s9999||||xx |||||||||||||| ||spa||
082 _aCo861 R436l
100 _aRestrepo Juan
245 0 _aEl leño de los sonidos
264 _aBogotá Colombia : Tercer Mundo Editores
942 _2ddc
_cBKS
999 _c11478
_d11478